000 00524cab a2200217 4500
001 X828
008 090401t1993 xxu||||| |||| 00| 0 eng d
035 _a(Sirsi) u67638
041 _aeng
245 _aEating appeal
260 _c1993
350 _a0
490 _aCS Monthly : General Practice
_v2(9) June 1993, 8(1)
520 _aMarks v Eastaugh
650 _aBEACH HUT
650 _aRATING ASSESSMENTS
650 _aREDUCTION
690 _aRATING AND VALUATION-CASE LAW
942 _n0
948 _c04/03/1997
999 _c42335
_d42335